Normal view
MARC view
- 27774.ALGEBRA-1
Entry Topical Term
001 - CONTROL NUMBER
- control field: 67771
003 - CONTROL NUMBER IDENTIFIER
- control field: NUST
005 - DATE AND TIME OF LATEST TRANSACTION
- control field: 20210628203911.0
008 - FIXED-LENGTH DATA ELEMENTS
- fixed length control field: 210628|| aca||aabn | a|a d
040 ## - CATALOGING SOURCE
- Original cataloging agency: NUST
- Transcribing agency: NUST
150 ## - HEADING--TOPICAL TERM
- Topical term or geographic name entry element: 27774.ALGEBRA-1
670 ## - SOURCE DATA FOUND
- Source citation: Work cat.: (NUST): DOLCIANI, MARY P, WOOTON, WILLIAM, BECKENBACH, EDWIN F 67770, ALGEBRA-1, 1974
